Status and kinship in the higher civil service ; standards of selection in the administrations of John Adams, Thomas Jefferson, and Andrew Jackson.

Bibliographic Details
Main Author: Aronson, Sidney H.
Format: Book
Language:English
Published: Cambridge : Harvard University Press, 1964.
Series:Publication of the Center for the Study of the History of Liberty in America.
Subjects:

MARC

Tag First Indicator Second Indicator Subfields
LEADER 00000cam a2200000 4500
001 in00000039850
005 20151007064610.0
008 720424s1964 mau b 00000 eng u
010 |a  64011126  
035 |a (OCoLC)00291448 
035 |9 AAE0191AM 
040 |c HIR  |d TXA  |d UtOrBLW 
049 |a TXAM  |c 1 [370571] 
050 0 0 |a JK731  |b .A7 
092 |a 351.13  |b A769s 
100 1 |a Aronson, Sidney H. 
245 1 0 |a Status and kinship in the higher civil service ;  |b standards of selection in the administrations of John Adams, Thomas Jefferson, and Andrew Jackson. 
264 1 |a Cambridge :  |b Harvard University Press,  |c 1964. 
300 |a 274 pages :  |b diagrams, tables. ;  |c 22 cm. 
336 |a text  |b txt  |2 rdacontent 
337 |a unmediated  |b n  |2 rdamedia 
338 |a volume  |b nc  |2 rdacarrier 
490 1 |a A Publication of the Center for the Study of the History of Liberty in America 
504 |a Includes bibliographical references. 
651 0 |a United States  |x Officials and employees  |x Selection and appointment. 
651 0 |a United States  |x History  |y 1783-1865. 
830 0 |a Publication of the Center for the Study of the History of Liberty in America. 
999 |a MARS 
999 f f |s 17446068-7b26-3ad6-88a5-3a1799f0d275  |i 847bdd8d-8ee4-3362-95d0-f8d05256f461  |t 0 
952 f f |p ric  |a Texas A&M University  |b Rellis Campus  |c Joint Library Facility  |d Remote Storage  |t 0  |e JK731 .A7  |h Library of Congress classification  |i unmediated -- volume  |m A14800794185 
998 f f |a JK731 .A7  |t 0  |l Remote Storage